[Event "BLR Cup"]
[Site "Minsk"]
[Date "2005.05.28"]
[Round "10"]
[White "Romashin, Evgenji"]
[Black "Ginzburg, Mikhail"]
[Result "1/2-1/2"]
[WhiteElo "2179"]
[BlackElo "2329"]
[PlyCount "60"]
[EventDate "2005.05.21"]
[EventType "tourn"]
[EventRounds "15"]
[EventCountry "BLR"]
[EventCategory "2"]
[SourceTitle "EXT 2006"]
[Source "ChessBase"]
[SourceDate "2005.11.24"]
[SourceVersion "1"]
[SourceVersionDate "2005.11.24"]
[SourceQuality "1"]

1. e4 e5 2. f4 exf4 3. Nf3 d5 4. exd5 Nf6 5. Bc4 Be7 6. d4 Nxd5 7. Bxd5 Qxd5 8. Nc3 Qc4 9. Bxf4 0-0 10. Qe2 Qxe2+ 11. Kxe2 c6 12. Ne4 Bf5 13. Nd6 Bxc2 14. Nxb7 Be4 15. Kf2 Bf6 16. Rad1 Bd5 17. Nc5 a5 18. b3 Ra7 19. Ne5 h5 20. Nc4 Na6 21. Nb6 Rd8 22. Rhe1 Nb4 23. Rd2 g5 24. Be5 Bg7 25. a3 f6 26. axb4 fxe5 27. dxe5 axb4 28. Ne6 Re8 29. Nxg7 Kxg7 30. Nxd5 Rd7 1/2-1/2

[Event "Pobeskydy Arcimpex 16th"]
[Site "Frydek Mistek"]
[Date "2005.03.27"]
[Round "7"]
[White "Smolen, Jan"]
[Black "Ginzburg, Mikhail"]
[Result "0-1"]
[WhiteElo "2356"]
[BlackElo "2326"]
[PlyCount "58"]
[EventDate "2005.03.24"]
[EventType "tourn"]
[EventRounds "9"]
[EventCountry "CZE"]
[EventCategory "3"]
[SourceTitle "CBM 105 Extra"]
[Source "ChessBase"]
[SourceDate "2005.05.01"]
[SourceVersion "1"]
[SourceVersionDate "2005.05.01"]
[SourceQuality "1"]

1. c4 c6 2. Nf3 d5 3. e3 Nf6 4. Qc2 g6 5. b3 Bg7 6. Bb2 0-0 7. h3 Na6 8. d3 Bf5 9. Nd4 dxc4 10. Nxf5 cxb3 11. axb3 gxf5 12. Be2 Nb4 13. Qc4 a5 14. 0-0 Qd5 15. Nd2 Rfd8 16. Qh4 Nxd3 17. Bc3 Ne5 18. Qg3 Ng6 19. Rfd1 Nh5 20. Bxh5 Bxc3 21. Nc4 Qb5 22. Rxd8+ Rxd8 23. Qc7 Ra8 24. Rd1 Qxb3 25. Nb6 Be5 26. Rd8+ Kg7 27. Qd7 Rxd8 28. Qxd8 Qb1+ 29. Bd1 Bd6 0-1

[Event "Pobeskydy Arcimpex 16th"]
[Site "Frydek Mistek"]
[Date "2005.03.25"]
[Round "3"]
[White "Zapolskis, Antanas J"]
[Black "Ginzburg, Mikhail"]
[Result "1-0"]
[WhiteElo "2341"]
[BlackElo "2326"]
[PlyCount "69"]
[EventDate "2005.03.24"]
[EventType "tourn"]
[EventRounds "9"]
[EventCountry "CZE"]
[EventCategory "3"]
[SourceTitle "CBM 105 Extra"]
[Source "ChessBase"]
[SourceDate "2005.05.01"]
[SourceVersion "1"]
[SourceVersionDate "2005.05.01"]
[SourceQuality "1"]

1. e4 e5 2. Nf3 Nc6 3. Bc4 Nf6 4. d3 Bc5 5. 0-0 d6 6. c3 0-0 7. b4 Bb6 8. a4 a5 9. b5 Ne7 10. Nbd2 Ng6 11. Bb3 c6 12. Nc4 Bc7 13. Re1 Re8 14. Qc2 d5 15. Ne3 h6 16. exd5 cxd5 17. c4 d4 18. Nd5 Nxd5 19. cxd5 Bd6 20. Nd2 Bb4 21. Rf1 Nf4 22. Ne4 Nxd5 23. f4 exf4 24. Bxf4 Be6 25. Rf3 Rc8 26. Ra2 Nc3 27. Nxc3 Bxb3 28. Qxb3 Rxc3 29. Qd1 Ra3 30. Rxa3 Bxa3 31. Bg3 Qd5 32. Bf2 Bb4 33. Rf4 Bc3 34. Qg4 Qa2 35. g3 1-0

[Event "EU-Cup 20th"]
[Site "Izmir"]
[Date "2004.10.05"]
[Round "3.6"]
[White "Ginzburg, Mikhail"]
[Black "Golod, Vitali"]
[Result "0-1"]
[WhiteElo "2346"]
[BlackElo "2554"]
[PlyCount "76"]
[EventDate "2004.10.03"]
[EventType "team-swiss"]
[EventRounds "7"]
[EventCountry "TUR"]
[SourceTitle "CBM 104"]
[Source "ChessBase"]
[SourceDate "2005.01.27"]
[SourceVersion "1"]
[SourceVersionDate "2005.01.27"]
[SourceQuality "1"]
[WhiteTeam "Minsk Vesnianka"]
[BlackTeam "Beer Sheva"]
[WhiteTeamCountry "BLR"]
[BlackTeamCountry "ISR"]

1. e4 e5 2. Nf3 Nc6 3. Bb5 a6 4. Ba4 Nf6 5. 0-0 Be7 6. Re1 b5 7. Bb3 d6 8. c3 0-0 9. h3 Na5 10. Bc2 c5 11. d4 Qc7 12. Nbd2 cxd4 13. cxd4 Nc6 14. Nb3 a5 15. Be3 a4 16. Nbd2 Bd7 17. Rc1 Qb7 18. Qe2 Rfe8 19. Bd3 Rab8 20. a3 exd4 21. Nxd4 Ne5 22. Bb1 Bd8 23. N4f3 h6 24. Nxe5 dxe5 25. Bc5 Rc8 26. Qe3 Be6 27. Nf3 Ba5 28. Bb4 Bb6 29. Qd2 Bc4 30. b3 axb3 31. Qb2 Nd7 32. Red1 Nc5 33. Bxc5 Bxc5 34. Nxe5 Qa7 35. Nxc4 bxc4 36. Qe2 c3 37. Bd3 Bxa3 38. Ra1 c2 0-1

[Event "EU-Cup 20th"]
[Site "Izmir"]
[Date "2004.10.04"]
[Round "2.6"]
[White "Ginzburg, Mikhail"]
[Black "Sanikidze, Tornike"]
[Result "0-1"]
[WhiteElo "2346"]
[BlackElo "2364"]
[PlyCount "108"]
[EventDate "2004.10.03"]
[EventType "team-swiss"]
[EventRounds "7"]
[EventCountry "TUR"]
[SourceTitle "CBM 104"]
[Source "ChessBase"]
[SourceDate "2005.01.27"]
[SourceVersion "1"]
[SourceVersionDate "2005.01.27"]
[SourceQuality "1"]
[WhiteTeam "Minsk Vesnianka"]
[BlackTeam "Tbilisi NTN"]
[WhiteTeamCountry "BLR"]
[BlackTeamCountry "GEO"]

1. e4 e5 2. Nf3 Nc6 3. Bb5 a6 4. Ba4 Nf6 5. 0-0 Be7 6. Re1 b5 7. Bb3 d6 8. c3 0-0 9. h3 h6 10. d4 Re8 11. Nbd2 Bf8 12. Bc2 Bb7 13. d5 Nb8 14. b3 c6 15. c4 Nbd7 16. Nf1 bxc4 17. bxc4 cxd5 18. cxd5 Nc5 19. Ng3 g6 20. Nh2 a5 21. a4 Ba6 22. Be3 Rb8 23. Qd2 Rb2 24. Qc3 Rb4 25. Bd2 Bg7 26. Qa3 Rc4 27. Qa2 Qc7 28. Nhf1 h5 29. f3 Rc8 30. Ne2 Nfd7 31. Kh1 Bf6 32. Rac1 Rb8 33. Ne3 Rcb4 34. Bxb4 axb4 35. Rb1 Bg5 36. Nc1 Kg7 37. a5 Bd8 38. Ba4 Nxa4 39. Qxa4 Nc5 40. Qc6 Qe7 41. Ne2 Bb5 42. Ng3 Bxc6 43. Ngf5+ gxf5 44. Nxf5+ Kf6 45. Nxe7 Kxe7 46. dxc6 Bxa5 47. Ra1 Bb6 48. Red1 Rc8 49. Kh2 Rxc6 50. Kg3 Ne6 51. Rab1 Bc5 52. Kh4 Rc8 53. g3 Rh8 54. Ra1 Be3 0-1